[Event "Oslo BNbank KO"]
[Site "Oslo"]
[Date "2009.11.28"]
[Round "2.3"]
[White "Berg, Emanuel"]
[Black "Carlsen, Magnus"]
[Result "0-1"]
[WhiteElo "2594"]
[BlackElo "2801"]
[PlyCount "200"]
[EventDate "2009.11.28"]
[EventType "k.o. (blitz)"]
[EventRounds "3"]
[EventCountry "NOR"]
[SourceTitle "CBM 133 Extra"]
[Source "ChessBase"]
[SourceDate "2010.01.05"]
[SourceVersion "1"]
[SourceVersionDate "2010.01.05"]
[SourceQuality "1"]

1. e4 e5 2. Nf3 Nc6 3. Bb5 Nf6 4. d3 Bc5 5. O-O Nd4 6. Nxd4 Bxd4 7. c3 Bb6 8.
Nd2 c6 9. Ba4 d6 10. Nc4 Bc7 11. Ne3 O-O 12. Qf3 d5 13. Bc2 Re8 14. Re1 h6 15.
h3 a5 16. a4 Bb6 17. Nf5 Bxf5 18. Qxf5 dxe4 19. dxe4 Qe7 20. Bb3 Kf8 21. Bc4
Rad8 22. b3 Bc5 23. Ra2 Rd6 24. Qf3 Red8 25. g3 Nd7 26. Be3 Bxe3 27. Qxe3 Nf6
28. Qa7 Rd1 29. Rae2 Qc7 30. Qc5+ Kg8 31. Kg2 g6 32. Qe3 Kg7 33. Qc5 Rxe1 34.
Rxe1 Rd2 35. Qe3 Qd8 36. Re2 Rxe2 37. Bxe2 Qd6 38. Bc4 Nd7 39. Qf3 Nf6 40. Qe3
Nd7 41. h4 Qc5 42. Qf3 Nf6 43. Qd3 Ng4 44. Qf3 Nf6 45. Qd3 Ng4 46. Qe2 Nf6 47.
Kf3 b5 48. axb5 cxb5 49. Bxb5 Qxc3+ 50. Qe3 Qc2 51. Qd3 Qc1 52. Kg2 Qc5 53. Bc4
Qb4 54. Kf3 a4 55. bxa4 Qxa4 56. Bb3 Qc6 57. Bc4 Qc5 58. Ba2 g5 59. hxg5 hxg5
60. Qb3 Qe7 61. Qd3 g4+ 62. Kg2 Qb4 63. Bd5 Qd4 64. Qxd4 exd4 65. Bc6 Kf8 66.
e5 Ng8 67. Bd7 Nh6 68. Kf1 Ke7 69. Bc8 Kd8 70. Ba6 Ke7 71. Bc4 f6 72. exf6+
Kxf6 73. Ke2 Ke5 74. Kd3 Nf5 75. Bb5 Nd6 76. Bd7 Ne4 77. Ke2 Nf6 78. Bc8 Ke4
79. Bb7+ Ke5 80. Kd3 Nh7 81. Ba6 Ng5 82. Bc8 Ne4 83. Ke2 Nf6 84. Kd2 Ne4+ 85.
Ke1 Nf6 86. Bb7 d3 87. Bc8 Kd4 88. Kd1 Kc3 89. Bf5 d2 90. Be6 Ne4 91. Ke2 Nxf2
92. Bb3 Kxb3 93. Kxd2 Kc4 94. Ke3 Nh3 95. Ke4 Kc3 96. Ke3 Kc4 97. Ke4 Kc5 98.
Ke5 Nf2 99. Kf4 Kd4 100. Kf5 Ke3 0-1

[Event "London Classic"]
[Site "London"]
[Date "2009.12.14"]
[Round "6"]
[White "Carlsen, Magnus"]
[Black "Adams, Michael"]
[Result "1/2-1/2"]
[WhiteElo "2801"]
[BlackElo "2698"]
[Annotator "Krasenkow,M"]
[PlyCount "122"]
[EventDate "2009.12.08"]
[EventType "tourn"]
[EventRounds "7"]
[EventCountry "ENG"]
[EventCategory "18"]
[SourceTitle "CBM 134"]
[Source "ChessBase"]
[SourceDate "2010.01.18"]
[SourceVersion "1"]
[SourceVersionDate "2010.01.18"]
[SourceQuality "1"]

1. d4 Nf6 2. c4 e6 3. Nc3 Bb4 4. e3 O-O 5. Nge2 d5 6. cxd5 exd5 7. g3 Re8 8.
Bg2 Bf8 ({The immediate} 8... c6 {is more popular here.}) 9. O-O Na6 $5 {
A curious concept.} (9... c6) 10. a3 (10. h3 $5 c6 11. g4 h6 12. Ng3 Nc7 13. f4
g6 14. Qf3 b5 15. a3 a5 16. g5 Nh7 17. h4 hxg5 18. fxg5 Be6 19. Nce2 Qd7 20.
Qf2 Bg7 21. Bd2 Bg4 22. Nf4 Ne6 $132 {1-0 Kohlweyer,B (2443)-Chuchelov,V (2539)
/Belgium 2001/CBM 081 ext (55)}) 10... c6 11. f3 (11. b3 $6 Bf5 (11... Nc7 12.
Ra2 Bf5 13. f3 h6 14. Nf4 c5 $1 15. Nce2 b6 16. g4 Bh7 17. Ng3 Nb5 $36 {
0-1 Lerner,K (2525)-Garcia Gonzales,G (2515)/Jurmala 1983/MCD (40)}) 12. Ra2
Qd7 13. f3 h5 14. Nf4 Bd6 15. Nxh5 Nxh5 16. g4 Bg6 17. gxh5 Bxh5 $17 {1/2
Panczyk,K (2365)-Volzhin,A (2530)/Wisla 1998/EXT 2000 (22)}) (11. h3 Nc7 12. g4
Bd6 13. f4 Bxg4 $6 (13... h6 $15) 14. hxg4 Nxg4 15. Rf3 Qh4 16. Bh3 Re6 17.
Bxg4 Rg6 18. Rg3 Rxg4 19. Kg2 $14 {1-0 Tatai,S (2435)-Ivkov,B (2475)/
Torremolinos 1983/MCD (60)}) (11. Nf4 Nc7 12. b4 a6 13. Ra2 (13. f3 $6 Nb5 $1
14. Nxb5 axb5 15. Bd2 Nd7 16. e4 dxe4 17. fxe4 Nf6 18. Bc3 Nxe4 $19 {1-0
Straeter,T (2345)-Ernst,S (2512)/Germany 2006/EXT 2007 (58)}) 13... Bf5 14. f3
Nb5 15. Nxb5 axb5 $15 {0-1 Maksimovic,S (2225)-Prudnikova,S (2405)/Belgrade
1995/EXT 1997 (48)}) 11... c5 $5 {A standard reaction to f2-f3.} 12. g4 h6 (
12... Nc7 $5 13. b3 $6 (13. g5 $142 Nd7 14. f4 Nb6 15. dxc5 Bxc5 16. Qd3 Nc4
17. Nd4 $13) 13... a5 14. Ng3 h6 15. Ra2 b5 16. Kh1 c4 $17 {0-1 Moutousis,K 
(2475)-Mastrovasilis,A (2315)/Panormo 1998/CBM 067 ext (46)}) 13. h3 b6 14. Ng3
Bb7 15. f4 Rc8 $15 {Black has good development; White's attacking chances are
slim.} 16. g5 hxg5 $1 (16... Ne4 17. Ncxe4 dxe4 18. gxh6 g6 (18... cxd4 19.
exd4 gxh6 20. f5 $36) 19. h7+ $5 (19. f5 Bxh6) 19... Kxh7 20. f5 Bg7 $13) 17.
fxg5 Ne4 $1 (17... cxd4 $2 18. exd4 Ne4 19. Ncxe4 dxe4 20. Rxf7 $1 Kxf7 21. g6+
$1 $18 {->}) 18. Ncxe4 dxe4 19. Qg4 (19. Rxf7 {now doesn't work as the c1
bishop is not in the attack.}) 19... g6 20. Nxe4 (20. Bxe4 $5 Bd5 $5 $36) 20...
Bxe4 21. Bxe4 cxd4 $1 {[%cal Ra6c5][%mdl 512]} 22. Bb7 {Obvious but probably
wrong!} (22. Qf3 $142 $5 Qd7 (22... Qxg5+ 23. Kh1 Rxe4 $1 24. Qxe4 d3 $1 25.
Qxd3 Nc5 $15) 23. b4 $15 {[%cal Yc1b2]} (23. Bd5 $143 Re7 24. exd4 Bg7 $17))
22... Rc2 $1 23. Bxa6 (23. Qf4 Qd7 $1 24. Bxa6 dxe3 (24... Qxh3 $2 25. Qxf7+
Kh8 26. Rf2 Qg4+ 27. Kf1 Qd1+ $11) 25. Qg4 $5 {(recommended by IM Ivan
Smikovsky)} (25. Bc4 Rxc4 26. Qxc4 e2 27. Re1 Qxh3 $19) {doesn't help due to}
25... Qd5 $1 26. Be2 (26. Qf3 Qxf3 27. Rxf3 e2 28. Be3 Bc5 $1 $19) 26... Bc5
$19 {[%cal Ye8e5,Ye5f5] White is nearly in zugzwang!}) 23... Qc7 $17 {Despite
White's extra piece, Black is dominating the board.} 24. Qf4 Bd6 25. Qf3 (25.
Qg4 $142 dxe3 26. Be2 Bg3 $1 $17 {I.Smikovsky} (26... Re5 $143 27. h4)) 25...
Bc5 (25... dxe3 $1 26. Be2 Re5 27. h4 (27. Qg4 Rxe2 $1) 27... Rf5 28. Qa8+ Bf8
29. Rxf5 Rxe2 $1 30. Bxe3 gxf5 $19 {I.Smikovsky}) 26. Qf4 Bd6 27. Qf3 Bc5 $2 (
27... dxe3) 28. Qf4 Qxf4 29. Rxf4 dxe3 30. Kf1 e2+ 31. Ke1 Rd8 32. Bxe2 Re8 33.
Bd2 Rxd2 34. Kxd2 Be3+ 35. Kc2 Bxf4 36. Bc4 Bxg5 {Black finally has won a pawn
but the opposite-coloured bishops eventually enable White to save the game.}
37. Rg1 Re5 38. h4 $1 Bxh4 39. Rxg6+ Kf8 40. Rd6 Re7 41. Bb5 Rc7+ 42. Rc6 Re7
43. Rd6 Re5 44. Bc4 Rf5 45. b4 Ke7 46. Rd5 Rf2+ 47. Rd2 Rf4 48. Bb5 Ke6 49.
Re2+ Kf6 50. Rd2 Ke6 51. Re2+ Kf6 52. Rd2 Bf2 53. Rd7 a5 54. bxa5 bxa5 55. a4
Bc5 56. Rd5 Bb4 57. Kd3 Ke6 58. Rd4 Rf3+ 59. Ke2 Ra3 60. Bc4+ Ke5 61. Rd3 Rxd3
1/2-1/2

[Event "Corus"]
[Site "Wijk aan Zee"]
[Date "2010.01.19"]
[Round "4"]
[White "Carlsen, Magnus"]
[Black "Short, Nigel D"]
[Result "1/2-1/2"]
[WhiteElo "2810"]
[BlackElo "2696"]
[Annotator "Marin,M"]
[PlyCount "93"]
[EventDate "2010.01.16"]
[EventType "tourn"]
[EventRounds "13"]
[EventCountry "NED"]
[EventCategory "19"]
[SourceTitle "CBM 135"]
[Source "ChessBase"]
[SourceDate "2010.03.17"]
[SourceVersion "1"]
[SourceVersionDate "2010.03.17"]
[SourceQuality "1"]

1. e4 d5 2. exd5 Nf6 3. d4 Bg4 4. Nf3 ({Carlsen does not feel prepared for the
unclear complications arising after} 4. f3 Bf5 5. Bb5+ Nbd7 6. c4 e6 {, see
for instance Finkel,A (2467)-Gershon,A (2502)/Ramat Aviv/Modiin 2000/CBM 081/
[Finkel,A] (1-0, 34)}) 4... Nxd5 5. h3 {After this move, the queen will get on
an active position, although in some lines it will also stand in the way of
its own bishops.} (5. Be2 {looks more flexible, but also less ambitious, see
for instance Anand,V (2720)-Kamsky,G (2695)/Sanghi Nagar 1994/CBM 042/[Ftacnik]
(0-1, 75)}) 5... Bxf3 6. Qxf3 c6 7. Be2 {Definitely, this does not look like a
harmonious way of developing, with the bishop behind the queen. However, the
alternatives tend to offer less.} (7. Bd3 g6 8. O-O Bg7 {more or less forces
the passive} 9. c3 {, when Black's position is relatively safe after} O-O) (7.
Bc4 g6 {leaves the d5-knight stable, at least temporarily.}) (7. c3 {
consolidates the centre, but delays the development.} Nd7 (7... g6 {also looks
OK}) 8. Nd2 e5 $132 {Szabo,K (2489)-Varga,Z (2481)/Budapest 2009/CBM 132 Extra
(0-1, 51)}) 7... g6 8. O-O Bg7 9. Rd1 {This active way of defending the
d4-pawn would not have been possible with the bishop on d3...} O-O 10. c4 {
...while this move would been physically prevented by Bc4.} Nc7 $1 $146 {
The only way to make the pressure against the d4-pawn effective. Among others,
Black intends to break up the centre with a well timed ...e5. In the event of
a pawn exchange, this would lead to a structure which has been discussed in
the notes to the game Caruana-Tiviakov from the same tournament.} (10... Nb6 $6
{allows the natural development with} 11. Nc3 $1 e5 ({With the knight on b6,} 
11... Bxd4 $2 {leads to trouble:} 12. c5 $1 Nc8 13. Bh6 Re8 14. Bc4 $18) 12. d5
$16 {Cayford,T-Hickmann,H/USA-ch1 sf corr 1972/Corr Nr. 1 (1-0, 20)}) 11. Qe4
$1 {Although moving with the queen for the second time before having even
touched the queenside pieces looks unnatural, this is the best way to restore
the coordination: the e2-bishop enjoys maximum mobility now. In concrete terms,
White not only defends d4, but also prevents ...e5. The deviation from the
natural way of developing is enabled by White's significant space advantage
and mighty bishop pair.} ({The generally desirable} 11. Nc3 {is less effective
than in the aforementioned game.} Bxd4 12. Bh6 e5 $5 13. Bxf8 Qxf8 $44 {
[%cal Gc7e6,Gb8d7] Black is in total control of the dark squares and has
excellent compensation for the exchange.}) (11. Be3 {has the abstract defect
of developing the bishop before the knight, leaving the b2-square vulnerable:}
e5 12. d5 (12. dxe5 Qe7 13. Nc3 Nd7 {looks OK for Black.}) 12... e4 $1 (12...
cxd5 13. cxd5 e4 14. Qxe4 Bxb2 15. d6 Bxa1 16. Qxb7 $16) 13. Qxe4 Bxb2 14. dxc6
Nxc6 15. Rxd8 Raxd8 16. Na3 {The only way to keep fighting for the initiative.}
Bxa1 17. Qb1 $1 Be5 18. Qxb7 Nd4 19. Bf1 Nce6 $13) 11... f5 $5 {This
extravagant idea is the only way to dislodge the queen from its central
location while maintaining the pressure against the d4-pawn. However, this
specific way of carrying it out may be inaccurate.} ({After} 11... Ne6 $6 12.
Be3 {it is already impossible to play ...f5-f4 under favourable circumstances:}
Qc8 (12... Qd6 13. Nc3) 13. Nc3 f5 14. Qd3 f4 15. Bg4 h5 (15... fxe3 16. Qxe3
Rf5 17. d5) 16. Bxe6+ Qxe6 17. d5 $36) ({Black should probably have inserted
the developing moves} 11... Nd7 12. Nc3 {The difference is that in some lines
the queen's transfer to b3 is prevented.} f5 13. Qe3 (13. Qh4 Ne6 14. d5 Bf6
15. Qg3 Nd4 $13) 13... Qe8 {[%cal Ge7e5]} 14. f4 {(The same idea as in the
game)} Rd8 15. Qf2 (15. b3 c5 $132) 15... Nf6 16. Be3 b5 $132 {[%csl Gd5,Ge4]
[%cal Gb5c4,Gb5b4]}) 12. Qe3 {White has to obstruct his other bishop.} (12. Qh4
{fails to keep the d4-square well defended:} Ne6 13. d5 (13. Bh6 $2 Nxd4 $17) (
13. Be3 Bf6) (13. Nc3 Bf6 14. Qg3 Nxd4) 13... Bf6 14. Qg3 Nd4 $132) 12... Kh8 {
There was no absolute need for this prophylactic move.} (12... Nd7 {looks
better. White can deviate from the aforementioned line with} 13. Qb3 Rb8 14.
Nc3 $14 {followed by Bf4 and, possibly, c5.}) 13. Nc3 ({Here, too} 13. Qb3 $5 {
comes into consideration, especially since Black does not have ...Rb8 at his
disposal.}) 13... Nd7 14. b3 {White is just a few steps away from restoring
the absolute harmony of his position with Bb2, Rd2, Rad1.} (14. d5 {is
premature:} Qe8 15. Qg3 e5 16. Bg5 ({After} 16. d6 Ne6 {[%csl Gc5] White
cannot connect his pawns with c5.}) 16... Qf7 $13 {White's central pawn looks
threatening, but the force of Black's duo should not be underestimated.}) 14...
Qe8 15. f4 $1 {Short may have underestimated this move during the planning of
the previous phase of the game. Suddenly, Black is left without adequate
counterplay.} (15. Bb2 e5 16. d5 e4 $132) (15. Ba3 Rf7 16. Rd2 e5 $132) 15...
Qf7 16. Bb2 Rad8 17. Bf3 Bf6 18. Rd2 Qg7 19. Rad1 g5 {The only way to question
White's strategic supremacy, but this creates new weaknesses as well.} 20. Ne2
$1 {[%cal Ge2g3]} Rg8 21. Kf1 $5 {Preventively evacuating the dark squares.
The king would have been less safe on h1 because of the possible ...g4.} h6 22.
Ng3 Qg6 23. Qd3 $6 {Allowing Black unexpected counterplay.} (23. Nh5 g4 24.
hxg4 fxg4 25. Nxf6 $16) 23... gxf4 24. Nh5 Nc5 25. Qc2 Ne4 26. Re2 (26. Bxe4
Qxh5 27. Bxf5 f3 $132) 26... Ng3+ 27. Nxg3 fxg3 $13 {White retains the more
compact position, but is a pawn down and his king may become vulnerable.} 28.
d5 cxd5 29. cxd5 Bxb2 30. Qxb2+ Qg7 31. Qc1 Rd7 32. Rde1 Rf8 33. Re5 Nb5 34.
Qc5 Nd6 35. Qxa7 Ne4 36. Qd4 e6 37. Rd1 exd5 38. Rxd5 Rxd5 39. Qxg7+ Kxg7 40.
Rxd5 Kf6 41. Bxe4 fxe4 42. Ke2 Ke6 43. Rd4 Rf2+ 44. Ke3 Rxg2 45. Rxe4+ Kd5 46.
Rd4+ Ke5 47. Re4+ 1/2-1/2

[Event "Corus"]
[Site "Wijk aan Zee"]
[Date "2010.01.24"]
[Round "8"]
[White "Shirov, Alexei"]
[Black "Carlsen, Magnus"]
[Result "1/2-1/2"]
[WhiteElo "2723"]
[BlackElo "2810"]
[Annotator "Marin,M"]
[PlyCount "65"]
[EventDate "2010.01.16"]
[EventType "tourn"]
[EventRounds "13"]
[EventCountry "NED"]
[EventCategory "19"]
[SourceTitle "CBM 135"]
[Source "ChessBase"]
[SourceDate "2010.03.17"]
[SourceVersion "1"]
[SourceVersionDate "2010.03.17"]
[SourceQuality "1"]

1. e4 c5 2. Nf3 Nc6 3. d4 cxd4 4. Nxd4 Nf6 5. Nc3 e5 {This is the continuation
of the theoretical duel between the same players initiated at Sofia 2009.} 6.
Ndb5 d6 7. Bg5 a6 8. Na3 b5 9. Bxf6 gxf6 10. Nd5 Bg7 11. Bd3 Ne7 12. Nxe7 Qxe7
13. c4 f5 14. O-O O-O 15. Qh5 Rb8 16. exf5 e4 17. Rae1 Bb7 18. Qg4 Rfe8 19.
cxb5 d5 20. bxa6 Bc6 21. b3 Kh8 22. Nc2 Bc3 $5 $146 {The bishop occupies a
dominating position and this will be characteristic for Black's position in
general. Despite his huge material advantage, White will have little breathing
space at his disposal and will find no active plan at all.} ({In the previous
game, Shirov,A (2745)-Carlsen,M (2770)/Sofia 2009/CBM 131/[Rogozenco] (1-0, 30)
,} 22... Be5 {was played. It should be mentioned that in the Sofia game, the
novelty also belonged to Carlsen: 21...Kh8 instead of the previously played 21.
..Bd7.}) 23. Qh3 Qf6 24. Be2 d4 {Black is not interested in trading his active
bishop for the passive white rooks.} 25. Bc4 Rg8 26. g3 Rbe8 27. Rd1 e3 {
All the pieces were placed on the best squares and time has come for pawn
breaks.} 28. fxe3 dxe3 29. Be2 Re4 30. Qg2 Re7 {White has no reasonable way to
avoid the repetition.} 31. Qh3 Re4 32. Qg2 Re7 33. Qh3 1/2-1/2

[Event "Amber-blindfold 19th"]
[Site "Nice"]
[Date "2010.03.15"]
[Round "3"]
[White "Svidler, Peter"]
[Black "Carlsen, Magnus"]
[Result "0-1"]
[WhiteElo "2750"]
[BlackElo "2813"]
[Annotator "CB"]
[PlyCount "50"]
[EventDate "2010.03.13"]
[EventType "tourn (rapid)"]
[EventRounds "11"]
[EventCountry "FRA"]
[EventCategory "20"]
[SourceTitle "CBM 135 Extra"]
[Source "ChessBase"]
[SourceDate "2010.05.04"]
[SourceVersion "1"]
[SourceVersionDate "2010.05.04"]
[SourceQuality "1"]

1. e4 c5 2. Nf3 d6 3. d4 cxd4 4. Nxd4 Nf6 5. Nc3 g6 6. Be2 Bg7 7. O-O O-O 8.
Be3 Nc6 9. Nb3 a6 10. f4 b5 11. Bf3 Bb7 12. e5 dxe5 13. fxe5 Nd7 14. e6 fxe6
15. Bg4 Rxf1+ 16. Qxf1 Nce5 17. Bxe6+ Kh8 18. Rd1 Qc7 19. Qf4 Rf8 20. Qg3 (20.
Rxd7 Qc6 21. Rxb7 Rxf4 22. Bd5 ({Both players missed} 22. Rb6 Nf3+ 23. gxf3
Qxf3 24. Bxf4 Qxf4) 22... Qf6 {wins for Black.}) 20... Nf6 21. Nc5 Nh5 22. Qe1
Bxg2 23. Kxg2 Nf3 24. Qh1 Nf4+ $2 (24... Nh4+ $1 25. Kh3 Rf3+ {would have been
deadly.}) 25. Kf2 Nd4 (25... Nd4 26. Nd7 $1 {with a drawish position, but
Carlsen though Black could have gone on playing for a win:} Nh3+ 27. Kg2 Qc6+
28. Bd5 Qxd7 29. Rxd4 e6 {unclear.}) 0-1

[Event "Bazna Kings 4th"]
[Site "Medias"]
[Date "2010.06.14"]
[Round "1"]
[White "Carlsen, Magnus"]
[Black "Ponomariov, Ruslan"]
[Result "1/2-1/2"]
[WhiteElo "2813"]
[BlackElo "2733"]
[Annotator "Rogozenco,D"]
[PlyCount "62"]
[EventDate "2010.06.14"]
[EventType "tourn"]
[EventRounds "10"]
[EventCountry "ROU"]
[EventCategory "20"]
[SourceTitle "CBM 137"]
[Source "ChessBase"]
[SourceDate "2010.07.15"]
[SourceVersion "1"]
[SourceVersionDate "2010.07.15"]
[SourceQuality "1"]

1. d4 {When asked to make few comments about the present game, Ponomariov
started with the following: "It was very difficult to concentrate on chess in
this game because it was very hot in the playing hall". Indeed, the Ukrainian
was visibly disturbed by the high temperature and looked really happy that he
got out of the playing area to reach some cooler places.} Nf6 2. c4 e6 3. Nf3
d5 4. g3 Be7 5. Bg2 O-O 6. O-O dxc4 7. Qc2 a6 8. a4 Bd7 9. Qxc4 Bc6 10. Bg5 h6
11. Bxf6 Bxf6 12. Nc3 Bxf3 13. Bxf3 c6 14. Rad1 a5 15. e4 Nd7 16. e5 Be7 17.
Be4 Qb6 18. f4 {White's aggressive plan looks strong, but it is far from
simple to break through. His main problem is the weak pawn on d4. Notice that
due to the pin on the a7-g1 diagonal White does not threat to advance f4-f5
yet. Actually a closer look will reveal some weak dark squares in White's
position.} Rad8 19. Qe2 {Carlsen: "I was very happy with my position here".
However, after Ponomariov's strong answer it seems that Black faces no
particular problems.} (19. f5 $2 {runs into} Nxe5) 19... Nb8 $1 {Opens the
d-file for the rook and transfers the knight to a better position. Actually
with this move backwards the knight is heading for square d5.} 20. Qf2 (20. f5
{The mentioned by Carlsen 20.f5 is an interesting, but of course risky pawn
sacrifice.}) 20... Na6 21. Kh1 ({Again} 21. f5 {is premature due to the very
strong answer} f6 $1 {and Black's pieces are better placed for the opening of
the position.}) 21... f5 $1 22. Bb1 ({Both players agreed that better was} 22.
Bf3 {preventing 22...h5 and preparing 23.g4.}) 22... h5 $1 23. h3 g6 24. Ba2
Nc7 {Right in time to protect everything.} 25. g4 {Black is very solid and has
no troubles at all to face this advance.} hxg4 26. hxg4 Kf7 27. Kg2 Rh8 28. g5
$1 {A common quality for many strong players is to feel the danger and switch
from their initial aggressive intentions to a more realistic approach. The
position started to become dangerous for White and Carlsen rightly leaves
aside his ambitions, trying to keep the balance now.} Rh7 29. Rh1 Rxh1 30. Kxh1
Rh8+ 31. Kg2 Qa6 {"I was happy that we passed the limit of 30 moves and I
could finally offer a draw" said Ponomariov immediately after the game.}
1/2-1/2